Language Quiz

Random Language or Oceania Quiz
Score 0/42 Timer 19:00
1 Play Today
% Correct
aloha
84.9%
aroha
77.3%
va’a
73%
fefine
70.9%
wahine
70.3%
waka
70%
alofa
69.8%
whare
69.4%
ariki
69.4%
mauna
68.6%
motuʻa
68.3%
fonua
67.5%
whetū
67.1%
langi
66.8%
ari’i
66%
vahine
65.5%
whenua
65.2%
feke
65.2%
koholā
65.1%
ra’akau
65.1%
matua
63.9%
% Correct
fale
63.6%
hetu’u
63.4%
lagi
61.9%
kanaka
61.7%
tafaga
61%
heʻe
60.7%
fetū
60.1%
tahanga
59.5%
mou’a
58.7%
tafolā
58.1%
honua
57.9%
fare
57.9%
hare
56.9%
moʻunga
55.6%
rā’au
55.5%
ta’oraha
54.6%
lāʻau
53.2%
feʻe
51.7%
kohana
49.7%
tagata
42.5%
tangata
40.7%
Remove Ads.
Support Sporcle.
Get the best of Sporcle when you Go Orange. This ad-free experience offers more features, more stats, and more fun while also helping to support Sporcle. Thank you for becoming a member.

You're not logged in!

Compare scores with friends on all Sporcle quizzes.
OR
Log In

Sporcle TV

Today on Sporcle TV


Watch our educational content, quiz creation guides, and fun videos on Sporcle TV.

Show Comments

Extras

Top Quizzes Today


Score Distribution

Paid Content

Your Account Isn't Verified!

In order to create a playlist on Sporcle, you need to verify the email address you used during registration. Go to your Sporcle Settings to finish the process.

Report this User

Report this user for behavior that violates our Community Guidelines.

Details: